000 01274nam a2200241Ia 4500
999 _c55941
_d55941
001 23040
003 GE_BSU
005 20230626102120.0
008 181216s1969||||ge |||||||||||||| ||geo||
040 _cGE_BSU
041 _ageo
080 _a821.353.1.09 ქ-27
245 _aქართული ლიტერატურის ისტორია : 6 ტომად. ტ. 3 /
_cმთ. რედ. : გ. ლეონიძე ; სარედ. კოლ. : გ. აბზიანიძე, ალ. ბარამიძე, დ. ბენაშვილი, კ. კეკელიძე და სხვა.
264 _aთბილისი :
_bსაბჭ. საქართველო,
_c1969.
300 _a426 გვ. ;
_c26 სმ.
500 _aპირთა საძიებელი : გვ. 407-425
541 _h4ლ. 74 თ.
653 _aლიტერატურის ისტორია და კრიტიკა
653 _aქართული ლიტერატურა
653 _aქართული ლიტერატურის ისტორია : 6 ტომად. ტ. 3
700 _aლეონიძე, გ.
_eმთავარი რედაქტორი
_918957
942 _cBK
_2udc